| 000 | 00738nam a2200205 a 4500 | ||
|---|---|---|---|
| 003 | 0 | ||
| 005 | 20250219143420.0 | ||
| 008 | 110621s19uu xx 00 eng d | ||
| 050 |
_aPHS HQ 769 _b.M29 2011 |
||
| 100 | _aMallari, Ysah. | ||
| 245 |
_aParental discipline styles and attitudes of teenagers towards dating / _cYsah Mallari. |
||
| 260 |
_aLas PiƱas City, Philippines : _bSouthville International School and Colleges, _c2011. |
||
| 300 |
_a32 pages : _billustrations ; _c28 cm. |
||
| 504 | _aIncludes bibliographical references. | ||
| 650 | _aParenting styles. | ||
| 650 | _aDiscipline of children. | ||
| 650 | _aParent and teenager relationships. | ||
| 650 | _aParental influence on adolescent behavior. | ||
| 942 |
_2lcc _cPASS |
||
| 999 |
_c98580 _d98580 |
||